1201 1019 1157 1884 1732 1072 1292 1513 1714 1136 1153 1926 1545 1278 1366 1888 1204 1292 1095 1893 1477 1381 1853 1739 1862 1373 1211 1493 1529 1025 1727 1463 1819 1292 1931 1742 1149 1178 1015 1568 1793 1894 1238 1762 1158 1662 1699 1815 1880 1432 1290 1219 1296 1442 1315 1190 1951 1112 1470 1957 1660 1512 1744 1876 1433 1434 1482 1164 1051 1089 1616 1475 1363 1757 1461 1460 1331 1480 1299 1698 1665 1456 1787 1924 1226 1205 1292 1410 1267 1488 1880 1851 1921 1286 1688 1953 1116 1498 1030 BCNSPRNW ULIB Ver.6.0+V

เปลี่ยนเป็นภาษาไทย

Change to English
 แสดงรายละเอียดบรรณานุกรม
  กลับหน้าหลัก

Brief Record : Get Marc (ISO 2709) : E-mail record : QR code < ปิดหน้าต่าง
LEADER : 00000nam 2200000uu 4500
001    13399112967
003     ULIB
008    110920s2553||||th 000 0 tha d
020    9786167375380
020    9746443704
060 00 WS330^bส162ร
100 0  สมจิตร์ จารุรัตนศิริกุล
245 10 โรคไทรอยด์ในเด็ก= Thyroid disorders in children /^cสมจิตร์ จารุรัตนศิริกุล
250     พิมพ์ครั้งที่ 2
260    สงขลา :^bชานเมืองการพิมพ์,^c2553
300    157 หน้า :^bภาพประกอบ, ตาราง
650  2 Thyroid disease
650  2 Child
650  2 Infant
710 20 มหาวิทยาลัยสงขลานครินทร์.^bคณะแพทยศาสตร์
945    ^p200^l0^i030594
945    ^p200^l0^i030595
945    ^p200^l0^i030596
945    ^p200^l0^i031378
995    เกษร
999    ^aใช้งานได้ทุกระบบ
รายการนี้ยังไม่มีแท็ก
คุณยังไม่ได้ล็อกอิน คุณสามารถมีกิจกรรมร่วมกับเว็บไซต์ได้ แต่ต้องล็อกอินก่อน ::
  ล็อกอิน

รายการสื่อสารสนเทศ

ลำดับที่ ประเภท เลขเรียก/บาร์โค้ด สถานที่ สถานะ
1. วิทยาศาสตร์การแพทย์ และสุขภาพ
หนังสือสำรอง
สถานะ=หนังสือสำรอง
WS330 ส162ร ฉ.1 
  Barcode: 030594
ห้องสมุดวิทยาเขตสวรรค์ประชารักษ์
►ส่วนจัดเก็บหนังสือเก่า สปร
บนชั้น
  ขอยืม
2. วิทยาศาสตร์การแพทย์ และสุขภาพ
วิทยาศาสตร์การแพทย์ และสุขภาพ
WS330 ส162ร ฉ.2 
  Barcode: 030595
ห้องสมุดวิทยาเขตสวรรค์ประชารักษ์
►ส่วนจัดเก็บหนังสือเก่า สปร
บนชั้น
  ขอยืม
3. วิทยาศาสตร์การแพทย์ และสุขภาพ
วิทยาศาสตร์การแพทย์ และสุขภาพ
WS330 ส162ร ฉ.3 
  Barcode: 030596
ห้องสมุดวิทยาเขตสวรรค์ประชารักษ์
►ส่วนจัดเก็บหนังสือเก่า สปร
บนชั้น
  ขอยืม
4. วิทยาศาสตร์การแพทย์ และสุขภาพ
วิทยาศาสตร์การแพทย์ และสุขภาพ
WS330 ส162ร ฉ.4 
  Barcode: 031378
ห้องสมุดวิทยาเขตสวรรค์ประชารักษ์
►ส่วนจัดเก็บหนังสือเก่า สปร
บนชั้น
  ขอยืม

รายการใกล้เคียง
    ผู้แต่ง [สมจิตร์ จารุรัตนศิริกุล]

    หัวเรื่อง [Thyroid disease]
    หัวเรื่อง [Child]
    หัวเรื่อง [Infant]

BibComment


ยังไม่เคยถูกคอมเมนท์

คอมเมนท์ทรัพยากรรายการนี้
  คอมเมนท์: โรคไทรอยด์ในเด็ก ..


 Copyright 2026. Bcnsprnw @Library